| 000 | 00366nam a2200133Ia 4500 | ||
|---|---|---|---|
| 008 | 150202s9999 xx 000 0 und d | ||
| 020 | _a446606812 | ||
| 050 |
_aFIC _bFIC |
||
| 100 | _aSparks, Nicholas. | ||
| 245 |
_aMessage in a bottle / _cNicholas Sparks. |
||
| 260 |
_aNew York : _bHachette Books, _c1998. |
||
| 300 |
_a370 pages : _c17 cm. |
||
| 650 | _aFiction. | ||
| 999 |
_c282493 _d282493 |
||